| 000 | 00552nam a2200205Ia 4500 | ||
|---|---|---|---|
| 003 | OSt | ||
| 005 | 20251110125739.0 | ||
| 008 | 211109s9999||||xx |||||||||||||| ||und|| | ||
| 020 | _a0-07-460318-3 | ||
| 040 | _cSBC Library | ||
| 082 |
_a005.1 _bROY-M |
||
| 100 | _aRoy, M K | ||
| 245 | 0 | _aCobol Programming | |
| 260 |
_bTata Macgraw-Hill _aNew Delhi _c1989 |
||
| 300 | _a496p. | ||
| 630 | _xMBA Library | ||
| 650 |
_a Computer science, information & general works _a Computer programming, programs & data |
||
| 650 | _vMathematics | ||
| 942 | _cBOOK | ||
| 999 |
_c52967 _d52967 |
||